|
|
|
|
| LEADER |
00000cam a2200000 4500 |
| 001 |
vtls011759622 |
| 003 |
SK-MaSNL |
| 005 |
20260301142446.0 |
| 008 |
200316s2018 xo g n 000 0 slo |
| 015 |
|
|
|a SNBA2018/08
|
| 020 |
|
|
|a 9788089481446
|q (brožované)
|
| 035 |
|
|
|a urn:nbn:sk:snk-am00dhsw
|
| 035 |
|
|
|a urn:nbn:sk:snk-am3i2qg
|
| 035 |
|
|
|a D6862167-145C-42A8-BA7D-6497A496D07B
|
| 040 |
|
|
|a SNK
|b slo
|c SNK
|e rda
|
| 041 |
0 |
|
|a slo
|
| 044 |
|
|
|a xo
|c SK
|
| 072 |
|
7 |
|a 27-46/-48
|x Pastorálna teológia
|2 konspekt
|
| 080 |
|
|
|a 27-46
|2 2011
|
| 080 |
|
|
|a 808.51
|2 2011
|
| 080 |
|
|
|a (0:82-5)
|2 2011
|
| 080 |
|
|
|a 27-423.7
|2 2011
|
| 080 |
|
|
|a 27-475.5
|2 2011
|
| 100 |
1 |
|
|a Šuráb, Marian,
|d 1958-
|4 aut
|9 214666
|
| 245 |
1 |
0 |
|a Radosť z homílie - Homiliae gaudium
|b povzbudenia pápeža Františka kazateľom
|c Marian Šuráb
|
| 246 |
3 |
4 |
|a Homiliae gaudium
|
| 250 |
|
|
|a Prvé vydanie
|
| 264 |
|
1 |
|a Nitra
|b Gorazd n.f., Kňazský seminár sv. Gorazda v Nitre
|c 2018
|
| 300 |
|
|
|a 286 strán
|c 22 cm
|
| 336 |
|
|
|a text
|b txt
|2 rdacontent
|
| 337 |
|
|
|a bez média
|b n
|2 rdamedia
|
| 338 |
|
|
|a zväzok
|b nc
|2 rdacarrier
|
| 504 |
|
|
|a Bibliografia na strane 272-285 ; bibliografické odkazy a poznámky
|
| 650 |
0 |
7 |
|a pastoračná starostlivosť
|2 SNKPH
|9 69063
|
| 650 |
0 |
7 |
|a kresťanské cnosti
|2 SNKPH
|9 67202
|
| 650 |
0 |
7 |
|a prejavy
|2 SNKPH
|9 30062
|
| 650 |
0 |
7 |
|a Pastoral attention
|2 SNKPHeng
|9 319038
|
| 650 |
0 |
7 |
|a Christian virtues
|2 SNKPHeng
|9 343784
|
| 650 |
0 |
7 |
|a Speeches
|2 SNKPHeng
|9 361945
|
| 650 |
0 |
7 |
|a kázne
|2 SNKPH
|9 1954
|
| 650 |
0 |
7 |
|a Sermons
|2 SNKPHeng
|9 274771
|
| 655 |
|
7 |
|a homílie
|2 SNKPH
|9 74473
|
| 655 |
|
7 |
|a Homilies
|2 SNKPHeng
|9 239430
|
| 852 |
|
|
|a Štátna vedecká knižnica v Banskej Bystrici
|
| 919 |
|
|
|a 978-80-89481-44-6
|
| 958 |
|
|
|a NB
|
| 958 |
|
|
|a NT
|
| 999 |
|
|
|c 770296
|d 772226
|
| 952 |
|
|
|a SNK
|b SNK
|y PREZ
|7 0
|p 17A1333568
|o snkSC 180210
|i snk2018/14753
|8 0
|0 0
|1 0
|4 0
|d 2018-07-10
|f 1
|l 0
|r 2026-02-24 00:32:47
|w 2026-02-24
|
| 952 |
|
|
|a SNK
|b SNK
|y VYP
|7 0
|p 17A1333569
|o snkSC 180210 D1
|i snk2018/14755
|8 0
|0 0
|1 0
|4 0
|d 2018-07-10
|l 0
|r 2026-02-24 00:32:47
|w 2026-02-24
|